000 00899cam a22002777a 4500
003 CHAP
005 20220329135840.0
008 971013s1976 r 00010 d
010 _a43259
011 _a44231
035 _a48369
040 _cCHAP
082 _a354.72
_bM49 1976
110 _aMéxico. Secretaría del Patrimonio Nacional
_977231
245 0 _aDirectorio de organismos descentralizados y empresas de participación estatal
260 _aMéxico, D.F. :
_bLa Dirección,
_c1976
300 _a191 p
590 _aBATCH-UPD
_b10
_c20130110
_lUCH01
_h2053
590 _aBATCH-UPD
_b10
_c20130410
_lUCH01
_h1406
590 _aBATCH-UPD
_b10
_c20130914
_lUCH01
_h1849
590 _aCONVERSION
_b10
_c20130109
_lUCH01
_h1324
650 1 4 _aOficinas gubernamentales
_xMéxico.
_982814
901 _aBK
942 _cLIBRO
949 _a354.72 M49 1976
_bBC
_cC
_d33724000121943
_eC
_h7000
_i48369
_si
999 _c43259
_d43259